000 00431nam a2200181Ia 4500
001 23621
005 20260414150949.0
008 260414t1999||||xx |||||||||||||| ||spa||
041 _aESP
082 _a670.42076
_bG43
100 _aGibellini, Renato
_eAUT
245 0 _aProyectos producción y logística
_b
260 _c1999
300 _a414 páginas :
_c\N
650 _aTCA
654 _aCII
942 _cLIB
_dJUS
_fJUS
_2ddc
_n
999 _c23621
_d23621